000 00597nam a2200181Ia 4500
008 100921s9999 xx 000 0 und d
082 _b20076
_a808.068 थ 86
100 _aसोहनी गुरूदत्त.
245 _aगणकयंत्र.
260 _bपुरंदरे प्रकाशन,पुणे.
_c1986
300 _a48
_b---
365 _b0
520 _aललित-बालवाङ्रमय.
630 _aगणकयंत्र.
650 _aललित-बालवाङ्रमय.
730 _aगणकयंत्र.
942 _cBOOK
999 _c769189
_d769186